000 01364nam a2200337 a 4500
001 ebr10046507
003 CaPaEBR
006 m u
007 cr cn|||||||||
008 090731s2002 dcu sb 000 0 eng d
040 _aCaPaEBR
_cCaPaEBR
035 _a(OCoLC)568295685
043 _an-us---
050 1 4 _aHC79.E5
_bS64 2002eb
100 1 _aSpeth, James Gustave.
245 1 0 _aToward security for all
_h[electronic resource] :
_bdevelopment assistance and global poverty /
_cby James Gustave Speth.
260 _aWashington, D.C. :
_bEnvironmental Law Institute,
_c2002.
300 _ap. 10480-10487.
490 0 _aEnvironmental law reporter news & analysis
500 _a"32 ELR, 4-2002".
500 _a"Dialogues."
504 _aIncludes bibliographical references.
533 _aElectronic reproduction.
_bPalo Alto, Calif. :
_cebrary,
_d2009.
_nAvailable via World Wide Web.
_nAccess may be limited to ebrary affiliated libraries.
650 0 _aEconomic development
_xEnvironmental aspects.
650 0 _aEconomic assistance
_xEnvironmental aspects.
650 0 _aEnvironmental policy.
655 7 _aElectronic books.
_2local
710 2 _aEnvironmental Law Institute.
710 2 _aebrary, Inc.
856 4 0 _uhttp://site.ebrary.com/lib/rucke/Doc?id=10046507
_zAn electronic book accessible through the World Wide Web; click to view
999 _c74251
_d74251